| 000 | 00000nam 2200000za 4500 |
| 001 | 9.694743 |
| 003 | CaOODSP |
| 005 | 20210624234247 |
| 007 | cr ||||||||||| |
| 008 | 150407|2000||||xxc|||||o f|0| 0 eng d |
| 040 | |aCaOODSP|beng |
| 043 | |an-cn--- |
| 086 | 1 |aBT43-103/2000E-PDF |
| 110 | 1 |aCanada. |bTreasury Board. |
| 245 | 10|aYour pension plan |h[electronic resource] |
| 260 | |aOttawa - Ontario : |bTreasury Board of Canada Secretariat |cOctober 31, 2000. |
| 300 | |a47p.|btables |
| 590 | |a12-01-Supp|b2012-01-13 |
| 690 | 07|aPensions|2gcpds |
| 690 | 07|aPublic service|2gcpds |
| 775 | 08|tVotre régime de pensions |w(CaOODSP)9.638916 |
| 776 | 0#|tYour pension plan |w(CaOODSP)9.662249 |
| 776 | 0#|tVotre régime de pensions |w(CaOODSP)9.662250 |
| 794 | |tYour pension plan |w(CaOODSP)9.692818 |
| 856 | 40|ahttp://publications.gc.ca|qPDF|s335 KB|uhttps://publications.gc.ca/collections/Collection/BT43-103-2000E.pdf |